Rýchla plynová chromatografia v kombinácii s hmotnostnou spektrometriou v stopovej a ultrastopovej analýze. Využitie v analýze reziduí pesticídov

Salvato in:
Dettagli Bibliografici
Autore principale: Kirchner, Michal
Natura: Libro
Lingua:slovacco
Pubblicazione: Bratislava STU FCHPT 2008
Accesso online:Visualizza in OPAC
Tags: Aggiungi Tag
Nessun Tag, puoi essere il primo ad aggiungerne!!

MARC

LEADER 00000nam a2200000 a 4500
005 20260127134026.0
008 081021 2008 xo 000 0 slo d
035 |a vtls009351154 
039 9 |y 200810211322  |z mschk03 
040 |a STUSCHK1  |b slo  |c STUSCHK1  |e AACR2 
100 1 |a Kirchner, Michal 
245 1 |a Rýchla plynová chromatografia v kombinácii s hmotnostnou spektrometriou v stopovej a ultrastopovej analýze. Využitie v analýze reziduí pesticídov  |c Michal Kirchner 
260 |a Bratislava  |b STU FCHPT  |c 2008 
300 |a 44 s.  |b il.  |c 30 cm + príloha 
500 |a Obháj.: 24.6. 2008 
500 |a Ústav analytickej chémie 
910 |a SCHK95 
999 |c 2340  |d 2340